[Event "Hart House Reading Week op"]
[Site "Toronto CAN"]
[Date "2026.02.15"]
[Round "4.1"]
[White "Jaferian, Koosha"]
[Black "Atanasov, Anthony"]
[Result "1/2-1/2"]
[WhiteElo "2195"]
[BlackElo "2441"]
[WhiteFideId "-1"]
[BlackFideId "-1"]
[PlyCount "233"]
[GameId "2277967894093824"]
[EventDate "2026.02.14"]
[EventType "swiss"]
[EventRounds "6"]
[EventCountry "CAN"]

1. e4 Nc6 2. Nf3 d6 3. d4 Nf6 4. Nc3 e6 5. a3 Be7 6. h3 O-O 7. Be3 a6 8. Bd3 b5 9. O-O Bb7 10. b4 Nd7 11. Qd2 Nb6 12. Rfb1 d5 13. e5 Nc4 14. Qe2 Qd7 15. Nd2 N4xe5 16. dxe5 d4 17. Nce4 dxe3 18. Nf6+ Bxf6 19. exf6 Qd4 20. fxe3 Qxf6 21. Ne4 Qe7 22. Nc5 Rab8 23. Be4 f5 24. Nxb7 fxe4 25. Nc5 Ne5 26. Nxe4 Nc4 27. a4 Rf5 28. axb5 axb5 29. Nc5 Rbf8 30. Rf1 Qf6 31. e4 Qd4+ 32. Kh1 Qd2 33. Rfe1 Qxe2 34. Rxe2 Rf1+ 35. Rxf1 Rxf1+ 36. Kh2 Kf7 37. c3 Ra1 38. Nb3 Ra3 39. Nd4 Rxc3 40. Nxb5 Rb3 41. Nxc7 Rxb4 42. Na6 Rb5 43. Rc2 Nd6 44. Rc7+ Kf6 45. Nc5 h5 46. Nd7+ Kg5 47. Nf8 Nxe4 48. Nxe6+ Kf6 49. Nxg7 h4 50. Ne8+ Kf5 51. Rf7+ Kg5 52. Rg7+ Kf5 53. Rg4 Re5 54. Ng7+ Kf6 55. Ne8+ Kf5 56. Nc7 Rc5 57. Na6 Rc6 58. Nb4 Rh6 59. Nd5 Ke6 60. Ne3 Nf6 61. Rf4 Rh5 62. Kg1 Nd5 63. Re4+ Re5 64. Rxe5+ Kxe5 65. Kf2 Ne7 66. Kf3 Nf5 67. Ng4+ Ke6 68. Kf4 Ne7 69. Kg5 Nf5 70. Kg6 Ng3 71. Kg5 Nf5 72. Kf4 Ne7 73. Ne3 Kf6 74. Kg4 Ng6 75. Nc4 Kg7 76. Nd2 Ne5+ 77. Kxh4 Kg6 78. g4 Nc6 79. Kg3 Nd4 80. h4 Ne2+ 81. Kf3 Nd4+ 82. Ke4 Ne2 83. Nf3 Kf6 84. h5 Nc3+ 85. Kf4 Ne2+ 86. Ke3 Nc3 87. Nd2 Kg5 88. Kf3 Nd5 89. Kg3 Ne3 90. Ne4+ Kh6 91. Kf3 Nd5 92. Kg3 Ne3 93. Nd2 Kg5 94. Nf3+ Kh6 95. Kh4 Ng2+ 96. Kg3 Ne3 97. Ne5 Kg5 98. Nf7+ Kf6 99. Nd6 Kg5 100. Nf7+ Kf6 101. Nd8 Kg5 102. Ne6+ Kf6 103. Nf4 Kg5 104. Nh3+ Kh6 105. Kf4 Nd5+ 106. Kf3 Nf6 107. Nf4 Kg5 108. Ne6+ Kh6 109. Kf4 Nxh5+ 110. Kf5 Ng3+ 111. Kf6 Ne4+ 112. Kf5 Ng3+ 113. Kf4 Nh5+ 114. Ke5 Ng7 115. Nxg7 Kg5 116. Nf5 Kxg4 117. Ke4 1/2-1/2

[Event "Hart House Reading Week op"]
[Site "Toronto CAN"]
[Date "2026.02.15"]
[Round "4.2"]
[White "Plotkin, Mark"]
[Black "Huang, Youhe"]
[Result "1-0"]
[WhiteElo "2370"]
[BlackElo "2094"]
[WhiteFideId "-1"]
[BlackFideId "-1"]
[PlyCount "99"]
[GameId "2277967898296320"]
[EventDate "2026.02.14"]
[EventType "swiss"]
[EventRounds "6"]
[EventCountry "CAN"]

1. c4 Nf6 2. Nc3 e6 3. e4 d5 4. cxd5 exd5 5. e5 d4 6. exf6 dxc3 7. Bb5+ c6 8. Qe2+ Be6 9. Bc4 Qxf6 10. dxc3 Be7 11. Bxe6 Qxe6 12. Qxe6 fxe6 13. Nf3 Bf6 14. O-O Na6 15. Be3 Nc7 16. Rad1 Nd5 17. Rfe1 Kf7 18. Bd4 Rad8 19. Bxa7 Ra8 20. Bc5 b6 21. Bd6 Rhd8 22. Be5 Rxa2 23. Bxf6 gxf6 24. c4 Rxb2 25. cxd5 exd5 26. Rb1 Rxb1 27. Rxb1 b5 28. Nd4 Rc8 29. f4 Ke7 30. Kf2 Kd6 31. Ke3 Rb8 32. g4 Re8+ 33. Kd3 Re4 34. Ra1 Rxf4 35. Ra6 Kd7 36. h3 h5 37. gxh5 c5 38. Nxb5 Rf3+ 39. Ke2 Rxh3 40. Rd6+ Ke7 41. Rxd5 Kf7 42. Kf2 Kg7 43. Kg2 Re3 44. Nd6 Re5 45. Rxe5 fxe5 46. Kf3 Kh6 47. Kg4 e4 48. Nxe4 c4 49. Kh4 Kh7 50. Kg5 1-0

[Event "Hart House Reading Week op"]
[Site "Toronto CAN"]
[Date "2026.02.15"]
[Round "4.3"]
[White "Razin, Vadim"]
[Black "Plotkin, Victor"]
[Result "1-0"]
[WhiteElo "2336"]
[BlackElo "2283"]
[WhiteFideId "-1"]
[BlackFideId "-1"]
[PlyCount "79"]
[GameId "2277967898296320"]
[EventDate "2026.02.14"]
[EventType "swiss"]
[EventRounds "6"]
[EventCountry "CAN"]

1. d4 d5 2. Nf3 Nf6 3. Bg5 e6 4. e3 Nbd7 5. Nbd2 Be7 6. Bd3 h6 7. Bf4 Nh5 8. Be5 Nxe5 9. Nxe5 Nf6 10. f4 c5 11. c3 Qb6 12. Rb1 Bd7 13. Nxd7 Nxd7 14. O-O O-O-O 15. Kh1 Kb8 16. Qe2 f5 17. Nf3 g5 18. c4 g4 19. Ne5 Nxe5 20. dxe5 h5 21. Qc2 d4 22. e4 fxe4 23. Bxe4 h4 24. Rbd1 Rd7 25. Rd3 Qd8 26. f5 exf5 27. Bxf5 Rc7 28. Bxg4 Bg5 29. Rdf3 a6 30. Qe4 Re7 31. e6 Qd6 32. Qg6 Be3 33. Qf6 Rhh7 34. Rf5 Ka7 35. Rd5 Qc7 36. Rd7 Rxd7 37. exd7 Rxd7 38. Bxd7 Qxd7 39. Qe5 Qc8 40. h3 1-0

[Event "Hart House Reading Week op"]
[Site "Toronto CAN"]
[Date "2026.02.15"]
[Round "4.4"]
[White "Noritsyn, Nikolay"]
[Black "Malakar, Saarthak"]
[Result "1-0"]
[WhiteElo "2463"]
[BlackElo "2206"]
[WhiteFideId "-1"]
[BlackFideId "-1"]
[PlyCount "117"]
[GameId "2277967898300416"]
[EventDate "2026.02.14"]
[EventType "swiss"]
[EventRounds "6"]
[EventCountry "CAN"]

1. e4 c6 2. Nf3 d5 3. e5 Bg4 4. Be2 e6 5. O-O c5 6. c4 d4 7. Nxd4 Bxe2 8. Nxe2 Nc6 9. Nbc3 Nxe5 10. d4 cxd4 11. Nxd4 a6 12. Re1 Nc6 13. Be3 Nf6 14. Qa4 Qa5 15. Nxc6 Qxa4 16. Nxa4 bxc6 17. Red1 Be7 18. Rd3 O-O 19. Rad1 Rfd8 20. Kf1 Kf8 21. Rxd8+ Bxd8 22. Ke2 Ke8 23. Nc5 Be7 24. f3 h5 25. Rd3 Rb8 26. b3 a5 27. Bf4 Ra8 28. Na4 Ra6 29. Bg5 Ng8 30. Be3 Nh6 31. Bf2 g5 32. Nb6 Nf5 33. Rd7 a4 34. bxa4 Bd8 35. Rb7 Bxb6 36. Bxb6 Rxa4 37. Ra7 Rxc4 38. a4 Rc2+ 39. Kd3 Rxg2 40. a5 Rxh2 41. a6 Ra2 42. Ra8+ Kd7 43. a7 c5 44. Bxc5 h4 45. Rh8 h3 46. Rxh3 Nd6 47. Rh7 Kc6 48. Bxd6 Kxd6 49. Rxf7 Ke5 50. Kc4 Kd6 51. Kb5 e5 52. Kb6 Kd5 53. Rd7+ Ke6 54. Rd8 e4 55. fxe4 Ke5 56. Re8+ Kf4 57. e5 g4 58. e6 g3 59. a8=Q 1-0

[Event "Hart House Reading Week op"]
[Site "Toronto CAN"]
[Date "2026.02.15"]
[Round "4.5"]
[White "Moses, Neil"]
[Black "Kot, Emanuel"]
[Result "0-1"]
[WhiteElo "2222"]
[BlackElo "2282"]
[WhiteFideId "-1"]
[BlackFideId "-1"]
[PlyCount "80"]
[GameId "2277967898304512"]
[EventDate "2026.02.14"]
[EventType "swiss"]
[EventRounds "6"]
[EventCountry "CAN"]

1. e4 c5 2. Nf3 Nc6 3. d4 cxd4 4. Nxd4 Nf6 5. Nc3 e5 6. Ndb5 d6 7. Bg5 a6 8. Na3 b5 9. Nd5 Be7 10. Bxf6 Bxf6 11. c3 Ne7 12. Nxe7 Qxe7 13. g3 O-O 14. Bg2 Be6 15. O-O Rfd8 16. h4 Qb7 17. Nc2 a5 18. Qd2 Be7 19. Rfd1 Bf8 20. Kh2 Rac8 21. Ne3 b4 22. cxb4 axb4 23. a3 b3 24. Rac1 g6 25. Rxc8 Rxc8 26. Rc1 h5 27. Rxc8 Qxc8 28. Bf1 Bh6 29. Bd3 Qc5 30. Bb1 Bd7 31. Kg2 Bb5 32. Qc3 Qxc3 33. bxc3 Be2 34. a4 Bxe3 35. fxe3 Bd1 36. a5 Bc2 37. a6 Bxb1 38. Kf3 b2 39. a7 Bxe4+ 40. Kxe4 b1=Q+ 0-1

[Event "Hart House Reading Week op"]
[Site "Toronto CAN"]
[Date "2026.02.15"]
[Round "4.6"]
[White "Gavrilin, Roman"]
[Black "Wang, Bingfei"]
[Result "1/2-1/2"]
[WhiteElo "2154"]
[BlackElo "2025"]
[WhiteFideId "-1"]
[BlackFideId "-1"]
[PlyCount "51"]
[GameId "2277967898308608"]
[EventDate "2026.02.14"]
[EventType "swiss"]
[EventRounds "6"]
[EventCountry "CAN"]

1. d4 d5 2. c4 e6 3. g3 Nf6 4. Bg2 c6 5. Nf3 Nbd7 6. O-O Be7 7. Qc2 O-O 8. Nbd2 b6 9. e4 dxe4 10. Nxe4 Bb7 11. Ne5 Nxe5 12. dxe5 Nxe4 13. Bxe4 h6 14. Qe2 Qc7 15. Bc2 Rfd8 16. Qe4 g6 17. Bxh6 c5 18. Qe2 b5 19. cxb5 a6 20. Rfe1 axb5 21. Be4 Rd4 22. Bxb7 Qxb7 23. Be3 Re4 24. Qf3 Rb8 25. Kg2 Rxe5 26. Bf4 1/2-1/2

[Event "Hart House Reading Week op"]
[Site "Toronto CAN"]
[Date "2026.02.15"]
[Round "4.7"]
[White "Yin, Zeming"]
[Black "Marchand, Calix"]
[Result "1-0"]
[WhiteElo "1993"]
[BlackElo "2088"]
[WhiteFideId "-1"]
[BlackFideId "-1"]
[PlyCount "179"]
[GameId "2277967898312704"]
[EventDate "2026.02.14"]
[EventType "swiss"]
[EventRounds "6"]
[EventCountry "CAN"]

1. e4 c6 2. Nf3 d5 3. Nc3 dxe4 4. Nxe4 Nf6 5. Qe2 Bf5 6. Nxf6+ gxf6 7. d3 Nd7 8. g3 Ne5 9. Nxe5 Qa5+ 10. Bd2 Qxe5 11. Qxe5 fxe5 12. Bg2 h5 13. h3 Be6 14. h4 Bd5 15. O-O f6 16. Rfe1 a5 17. a4 Kf7 18. Bc3 e6 19. Rad1 c5 20. b3 Bd6 21. Kh2 Bc7 22. Ra1 Rag8 23. Re2 Rg6 24. Rae1 Rhg8 25. Bb2 Rg4 26. Be4 Bd6 27. Bc3 b6 28. Bb2 Ke7 29. Bc3 Kd7 30. Bb2 Re8 31. Ba1 Rg7 32. Bb2 Kc7 33. Bc3 Rd7 34. Bb2 Kb7 35. Bc3 Rg7 36. Bb2 Ka7 37. Bc3 Rg4 38. Bb2 Bf8 39. Bc1 Bg7 40. f3 Bxe4 41. fxg4 Bf3 42. gxh5 Bxe2 43. Rxe2 Rh8 44. h6 Bxh6 45. Bxh6 Rxh6 46. Kh3 Kb7 47. g4 Kc6 48. h5 Kd6 49. Kh4 Ke7 50. g5 Rh8 51. gxf6+ Kxf6 52. Rf2+ Ke7 53. Kg4 Rh6 54. Kg5 Rh8 55. Kg4 Rh6 56. Rh2 Kf6 57. Kf3 Kf5 58. Rh1 Kg5 59. Ke4 Kf6 60. Rh2 Kg5 61. Kxe5 Kg4 62. Kd6 Kg3 63. Rh1 e5+ 64. Kxe5 Kg2 65. Rh4 Kg3 66. Re4 Rxh5+ 67. Kd6 Rh2 68. Rc4 Kf3 69. Kc7 Rh6 70. d4 cxd4 71. Rxd4 Ke3 72. Rd6 Rh2 73. Rc6 Kd4 74. Kxb6 Kd5 75. Rc4 Rh6+ 76. Kxa5 Kd6 77. Kb4 Rh8 78. a5 Rb8+ 79. Ka4 Ra8 80. b4 Kd5 81. Rc5+ Kd6 82. c4 Ra7 83. Rd5+ Kc7 84. b5 Ra8 85. c5 Rh8 86. c6 Rh4+ 87. Kb3 Rg4 88. Rd7+ Kc8 89. b6 Rg6 90. b7+ 1-0

[Event "Hart House Reading Week op"]
[Site "Toronto CAN"]
[Date "2026.02.15"]
[Round "4.8"]
[White "Zhang, Samuel"]
[Black "Yang, Larry"]
[Result "0-1"]
[WhiteElo "2140"]
[BlackElo "2110"]
[WhiteFideId "-1"]
[BlackFideId "-1"]
[PlyCount "42"]
[GameId "2277967898316800"]
[EventDate "2026.02.14"]
[EventType "swiss"]
[EventRounds "6"]
[EventCountry "CAN"]

1. e4 c5 2. Nf3 Nc6 3. d4 cxd4 4. Nxd4 g6 5. c4 Bg7 6. Be3 Qb6 7. Nb3 Qd8 8. Nd4 Qb6 9. Nb5 Qa5+ 10. N5c3 d6 11. a3 Nf6 12. f3 Be6 13. Be2 O-O 14. Nd2 Nd7 15. Rc1 Nd4 16. b4 Qxa3 17. Ndb1 Qb2 18. b5 Nxe2 19. Nxe2 Rfc8 20. Nd2 Ne5 21. Nf4 Nxc4 0-1

[Event "Hart House Reading Week op"]
[Site "Toronto CAN"]
[Date "2026.02.15"]
[Round "4.9"]
[White "Xu, Zhihan (Samuel)"]
[Black "Qian, Eric"]
[Result "1-0"]
[WhiteElo "2146"]
[BlackElo "2047"]
[WhiteFideId "-1"]
[BlackFideId "-1"]
[PlyCount "65"]
[GameId "2277967898316800"]
[EventDate "2026.02.14"]
[EventType "swiss"]
[EventRounds "6"]
[EventCountry "CAN"]

1. e4 e5 2. Nf3 Nc6 3. Bc4 Nf6 4. d3 Bc5 5. O-O d6 6. c3 a5 7. Re1 Ba7 8. Na3 O-O 9. Nb5 Bb6 10. Be3 Bxe3 11. Rxe3 Ne7 12. d4 c6 13. dxe5 Ng4 14. Nxd6 Nxe3 15. fxe3 b5 16. Bxf7+ Rxf7 17. Qb3 Qf8 18. Ng5 h6 19. Ngxf7 a4 20. Nxh6+ Kh7 21. Qf7 Bd7 22. Rf1 Qxf7 23. Rxf7 Kxh6 24. Rxe7 Bg4 25. h3 Bd1 26. Nf5+ Kh7 27. Rxg7+ Kh8 28. e6 a3 29. bxa3 Rxa3 30. e7 Ra8 31. Rf7 Kg8 32. Nh6+ Kh8 33. Rf8+ 1-0

[Event "Hart House Reading Week op"]
[Site "Toronto CAN"]
[Date "2026.02.15"]
[Round "4.10"]
[White "Dhaliwal, Jaipreet Singh"]
[Black "Noritsyn, Sergey"]
[Result "1-0"]
[WhiteElo "2085"]
[BlackElo "2290"]
[WhiteFideId "-1"]
[BlackFideId "-1"]
[PlyCount "76"]
[GameId "2277967898320896"]
[EventDate "2026.02.14"]
[EventType "swiss"]
[EventRounds "6"]
[EventCountry "CAN"]

1. e4 e6 2. d4 d5 3. e5 c5 4. c3 Nc6 5. Nf3 Nh6 6. Bd3 cxd4 7. cxd4 Nf5 8. Bxf5 exf5 9. Nc3 Be7 10. h4 Be6 11. h5 Qb6 12. Qd3 Nb4 13. Qe2 Qa6 14. a3 Qxe2+ 15. Kxe2 Nc6 16. b4 Rc8 17. Bd2 f6 18. exf6 Bxf6 19. Kd3 f4 20. Rhe1 Kf7 21. Rxe6 Kxe6 22. Re1+ Kf5 23. Nxd5 Rhd8 24. Nxf6 gxf6 25. Re4 Rd5 26. Rxf4+ Ke6 27. Re4+ Kf7 28. g4 b5 29. Rf4 Kg7 30. Nh4 Ne5+ 31. Ke4 Rcd8 32. Nf5+ Kf7 33. Bc3 Nc4 34. Ne3 Nxe3 35. fxe3 Rg5 36. Be1 Ke6 37. Bh4 Rxg4 38. Rxg4 f5+ 1-0

[Event "Hart House Reading Week op"]
[Site "Toronto CAN"]
[Date "2026.02.16"]
[Round "5.1"]
[White "Atanasov, Anthony"]
[Black "Plotkin, Mark"]
[Result "1/2-1/2"]
[WhiteElo "2441"]
[BlackElo "2370"]
[WhiteFideId "-1"]
[BlackFideId "-1"]
[PlyCount "93"]
[GameId "2278192549437440"]
[EventDate "2026.02.14"]
[EventType "swiss"]
[EventRounds "6"]
[EventCountry "CAN"]

1. d4 Nf6 2. Bf4 c6 3. Nf3 Qb6 4. Nbd2 Nh5 5. Nc4 Qb4+ 6. Bd2 Qxc4 7. e4 Qa4 8. b3 Qa3 9. Ne5 Nf6 10. Nc4 Qa6 11. Nd6+ exd6 12. Bxa6 Nxa6 13. Qf3 Be7 14. O-O-O b5 15. Bg5 Nc7 16. Kb2 Ne6 17. Bh4 Bb7 18. e5 dxe5 19. dxe5 Nd5 20. Bxe7 Nxe7 21. Rd6 Rd8 22. Rf1 Ba8 23. Qd1 c5 24. f4 Nf5 25. Rf2 h5 26. Rdd2 Bc6 27. g3 b4 28. h3 Nxg3 29. f5 Ng5 30. Rf4 N5e4 31. Rd3 h4 32. Qg4 Kf8 33. f6 g5 34. Rxg3 hxg3 35. Rxe4 Bxe4 36. Qxe4 Rxh3 37. Qg4 Rh6 38. Qxg3 Rg6 39. Qe3 g4 40. Qxc5+ Kg8 41. Qe7 Rf8 42. Qxd7 g3 43. e6 fxe6 44. Qxe6+ Kh7 45. Qe7+ Kg8 46. Qe6+ Kh7 47. Qe7+ 1/2-1/2

[Event "Hart House Reading Week op"]
[Site "Toronto CAN"]
[Date "2026.02.16"]
[Round "5.2"]
[White "Kot, Emanuel"]
[Black "Noritsyn, Nikolay"]
[Result "1/2-1/2"]
[WhiteElo "2282"]
[BlackElo "2463"]
[WhiteFideId "-1"]
[BlackFideId "-1"]
[PlyCount "164"]
[GameId "2278192549441536"]
[EventDate "2026.02.14"]
[EventType "swiss"]
[EventRounds "6"]
[EventCountry "CAN"]

1. e4 e5 2. Nf3 Nc6 3. Bb5 a6 4. Ba4 Nf6 5. O-O Be7 6. Re1 b5 7. Bb3 O-O 8. a4 Bb7 9. d3 d6 10. Nbd2 Nd7 11. axb5 axb5 12. Rxa8 Qxa8 13. c3 Nc5 14. Bc2 b4 15. d4 Nd7 16. Nf1 bxc3 17. bxc3 Re8 18. d5 Na5 19. Ne3 Nb6 20. Nf5 Bc8 21. Nxe7+ Rxe7 22. Nh4 Nac4 23. Qf3 Qa2 24. Bd3 Qb3 25. Bf1 f6 26. h3 Rf7 27. Qd3 Rf8 28. Be2 Bd7 29. Bd1 Qb5 30. Qg3 Rf7 31. Bh5 Re7 32. Kh2 Qb3 33. Bd1 Qa2 34. Bg4 Bxg4 35. hxg4 g6 36. g5 Nd7 37. Nf5 Re8 38. gxf6 Nxf6 39. Nh6+ Kg7 40. Nf5+ Kh8 41. Nh4 Rf8 42. Bh6 Rf7 43. f3 Ng8 44. Bg5 Nb6 45. Qh3 Kg7 46. Qg3 Nd7 47. c4 Kf8 48. Rc1 Nc5 49. Be3 Nb3 50. Re1 Qc2 51. c5 Nxc5 52. Bxc5 Qxc5 53. Ra1 Ne7 54. Qg5 Kg7 55. Rc1 Qb6 56. Rc2 h6 57. Qc1 Ng8 58. Qe1 Kh7 59. Qg3 Ne7 60. Qg4 Kg7 61. Qe6 Qb8 62. f4 exf4 63. Nf3 Ng8 64. e5 Qd8 65. exd6 cxd6 66. Rc6 Rf6 67. Nd4 Kh8 68. Qh3 Qe7 69. Ne6 Rf7 70. Qg4 Kh7 71. Rc7 Qf6 72. Nf8+ Kg7 73. Ne6+ Kh8 74. Rxf7 Qxf7 75. Nxf4 Kh7 76. Ne6 Ne7 77. Qh4 Kg8 78. Qxh6 Nxd5 79. Ng5 Qf4+ 80. Kh1 Qf1+ 81. Kh2 Qf4+ 82. Kh1 Qf1+ 1/2-1/2

[Event "Hart House Reading Week op"]
[Site "Toronto CAN"]
[Date "2026.02.16"]
[Round "5.3"]
[White "Jaferian, Koosha"]
[Black "Razin, Vadim"]
[Result "1/2-1/2"]
[WhiteElo "2195"]
[BlackElo "2336"]
[WhiteFideId "-1"]
[BlackFideId "-1"]
[PlyCount "48"]
[GameId "2278192549445632"]
[EventDate "2026.02.14"]
[EventType "swiss"]
[EventRounds "6"]
[EventCountry "CAN"]

1. e4 e6 2. d4 d5 3. Nc3 Be7 4. Bd3 Nf6 5. Nf3 c5 6. exd5 exd5 7. dxc5 Bxc5 8. Qe2+ Be6 9. Ng5 Qe7 10. Nxe6 fxe6 11. Bg5 O-O 12. O-O-O Nc6 13. f4 Bd4 14. Nb5 Bb6 15. Qf3 Rac8 16. Rhe1 h6 17. Bh4 a6 18. Nc3 Nd4 19. Qh3 Rxc3 20. bxc3 Qa3+ 21. Kb1 Ba5 22. cxd4 Qb4+ 23. Kc1 Qa3+ 24. Kb1 Qb4+ 1/2-1/2

[Event "Hart House Reading Week op"]
[Site "Toronto CAN"]
[Date "2026.02.16"]
[Round "5.4"]
[White "Plotkin, Victor"]
[Black "Yin, Zeming"]
[Result "1/2-1/2"]
[WhiteElo "2283"]
[BlackElo "1993"]
[WhiteFideId "-1"]
[BlackFideId "-1"]
[PlyCount "126"]
[GameId "2278192549445632"]
[EventDate "2026.02.14"]
[EventType "swiss"]
[EventRounds "6"]
[EventCountry "CAN"]

1. e4 c5 2. Nf3 Nc6 3. Bb5 g6 4. O-O Bg7 5. c3 Nf6 6. d3 O-O 7. Re1 a6 8. Ba4 b5 9. Bc2 d6 10. h3 Bb7 11. Nbd2 Nd7 12. Nf1 a5 13. d4 cxd4 14. cxd4 e5 15. Be3 Rc8 16. Rc1 Nb4 17. Bb1 Rxc1 18. Bxc1 exd4 19. Nxd4 Qb6 20. Be3 Nc5 21. Qe2 Ba6 22. Rd1 Qb7 23. Ng3 Rc8 24. Qd2 Qd7 25. a3 Nc6 26. Ba2 Nxd4 27. Bxd4 Bb7 28. Bxg7 Kxg7 29. b4 axb4 30. axb4 Ne6 31. Qxd6 Qxd6 32. Rxd6 Nf8 33. f3 Rc1+ 34. Kh2 Rc2 35. Bb3 Rc3 36. Bd1 Bc8 37. Ne2 Rc4 38. Rd4 Rc7 39. Rd5 Bd7 40. Kg3 Kf6 41. Kf2 Ke7 42. Ke3 Ne6 43. Bb3 Ra7 44. Rd3 Ra1 45. Nc3 Re1+ 46. Kf2 Rc1 47. Nd5+ Kf8 48. Nf6 Bc8 49. e5 h5 50. g3 Ke7 51. h4 Rb1 52. Ne4 Bd7 53. Nc5 Nxc5 54. bxc5 Rc1 55. Rd2 Rxc5 56. Bxf7 Bf5 57. Bd5 b4 58. Ke3 b3 59. Be4 Rxe5 60. Kd4 Rb5 61. Kc4 Re5 62. Kxb3 Bxe4 63. fxe4 Rxe4 1/2-1/2

[Event "Hart House Reading Week op"]
[Site "Toronto CAN"]
[Date "2026.02.16"]
[Round "5.5"]
[White "Yang, Larry"]
[Black "Wang, Bingfei"]
[Result "0-1"]
[WhiteElo "2110"]
[BlackElo "2025"]
[WhiteFideId "-1"]
[BlackFideId "-1"]
[PlyCount "122"]
[GameId "2278192549449728"]
[EventDate "2026.02.14"]
[EventType "swiss"]
[EventRounds "6"]
[EventCountry "CAN"]

1. e4 e6 2. d4 d5 3. Nc3 Nf6 4. e5 Nfd7 5. Nce2 c5 6. c3 Nc6 7. Nf3 b5 8. a3 Qb6 9. g3 a5 10. Bg2 Be7 11. O-O Ba6 12. Re1 O-O 13. Nf4 cxd4 14. cxd4 b4 15. h4 bxa3 16. bxa3 Rab8 17. Qd2 Rfc8 18. Bh3 Nf8 19. Nh5 Qb3 20. Kg2 Qd3 21. Qf4 Qg6 22. g4 Rb3 23. Be3 Bxa3 24. Ng3 Bb4 25. h5 Qd3 26. Red1 Qb5 27. h6 Ng6 28. Qg5 Be7 29. Qh5 Nb4 30. hxg7 Nc2 31. Bg5 Rcc3 32. Rac1 Rxf3 33. Rxc2 Rfc3 34. Rcd2 Qb7 35. Qh6 a4 36. Rh1 Bxg5 37. Qxg5 Qe7 38. Qxe7 Nxe7 39. Nh5 a3 40. g5 Rb2 41. Nf6+ Kxg7 42. Rdd1 Rcc2 43. Kg3 Rxf2 44. Bg4 Rg2+ 45. Kf3 Rbf2+ 46. Ke3 Nf5+ 47. Bxf5 exf5 48. Rxh7+ Kg6 49. Rh4 Kxg5 50. Rh5+ Kg6 51. Rh4 Bc4 52. Rdh1 f4+ 53. Rxf4 Rxf4 54. Kxf4 a2 55. Kf3 Rb2 56. Kg4 Rb1 57. Rh8 Rg1+ 58. Kf4 Rf1+ 59. Kg4 Rxf6 60. exf6 a1=Q 61. Rg8+ Kxf6 0-1

[Event "Hart House Reading Week op"]
[Site "Toronto CAN"]
[Date "2026.02.16"]
[Round "5.6"]
[White "Xu, Zhihan (Samuel)"]
[Black "Moses, Neil"]
[Result "1-0"]
[WhiteElo "2146"]
[BlackElo "2222"]
[WhiteFideId "-1"]
[BlackFideId "-1"]
[PlyCount "85"]
[GameId "2278192549453824"]
[EventDate "2026.02.14"]
[EventType "swiss"]
[EventRounds "6"]
[EventCountry "CAN"]

1. e4 c5 2. Nf3 e6 3. d4 cxd4 4. Nxd4 a6 5. c4 b6 6. Nc3 Bb7 7. a3 Qc7 8. Be3 Nf6 9. f3 Be7 10. Bd3 d6 11. Rc1 Nbd7 12. O-O O-O 13. b4 Rac8 14. f4 Rfe8 15. g4 g6 16. g5 Nh5 17. Be2 Ng7 18. h4 Qd8 19. Nb3 f5 20. Bd4 e5 21. fxe5 dxe5 22. Be3 Kh8 23. Nd5 Rf8 24. c5 fxe4 25. Nxe7 Qxe7 26. Rxf8+ Nxf8 27. cxb6 Rd8 28. Qf1 Nf5 29. Rc7 Rd7 30. Bc5 Qd8 31. Bxf8 Rxc7 32. bxc7 Qxf8 33. Bxa6 Qc8 34. Bxb7 Qxb7 35. Qc4 Qc8 36. Qc5 Ng7 37. Kf2 e3+ 38. Kxe3 Kg8 39. Qd5+ Ne6 40. Nc5 Qxc7 41. Qxe6+ Qf7 42. Qxf7+ Kxf7 43. a4 1-0

[Event "Hart House Reading Week op"]
[Site "Toronto CAN"]
[Date "2026.02.16"]
[Round "5.7"]
[White "Malakar, Saarthak"]
[Black "Zhao, Jeffrey R"]
[Result "1-0"]
[WhiteElo "2206"]
[BlackElo "2094"]
[WhiteFideId "-1"]
[BlackFideId "-1"]
[PlyCount "119"]
[GameId "2278192549457920"]
[EventDate "2026.02.14"]
[EventType "swiss"]
[EventRounds "6"]
[EventCountry "CAN"]

1. d4 Nf6 2. Nf3 g6 3. g3 Bg7 4. Bg2 O-O 5. O-O d6 6. Re1 Nbd7 7. e4 e5 8. Nc3 c6 9. a4 Re8 10. h3 Qc7 11. Be3 b6 12. Qd2 Bb7 13. Rad1 a6 14. d5 cxd5 15. exd5 Rac8 16. g4 Qc4 17. Nh2 Nc5 18. Bxc5 Qxc5 19. g5 Nh5 20. Ne4 Qc7 21. Ng4 Qe7 22. Qb4 Red8 23. Qxb6 Nf4 24. Qb3 Rb8 25. Qg3 Kh8 26. Nef6 Bxf6 27. Nxf6 Qf8 28. Qh4 Qg7 29. c4 Rbc8 30. Re4 a5 31. Rxf4 exf4 32. Qxf4 Ba6 33. b3 Rb8 34. Re1 Qf8 35. Re3 Bc8 36. h4 h5 37. gxh6 Rb7 38. Ne4 Bf5 39. h5 Re7 40. Qg5 Kh7 41. Nf6+ Kh8 42. Be4 Re5 43. f4 Re7 44. Kf2 Rb8 45. Bxf5 Rxe3 46. Nd7 Qe7 47. Qxe7 Rxe7 48. Nxb8 gxf5 49. Nc6 Re4 50. Kf3 Re1 51. Nxa5 Rb1 52. Ke2 Kh7 53. c5 dxc5 54. d6 Rb2+ 55. Kd3 Rb1 56. Kc2 Rg1 57. d7 Rg2+ 58. Kc3 Rg3+ 59. Kc4 Rg8 60. Nc6 1-0

[Event "Hart House Reading Week op"]
[Site "Toronto CAN"]
[Date "2026.02.16"]
[Round "5.8"]
[White "Dhaliwal, Jaipreet Singh"]
[Black "Gavrilin, Roman"]
[Result "1/2-1/2"]
[WhiteElo "2085"]
[BlackElo "2154"]
[WhiteFideId "-1"]
[BlackFideId "-1"]
[PlyCount "44"]
[GameId "2278192549462016"]
[EventDate "2026.02.14"]
[EventType "swiss"]
[EventRounds "6"]
[EventCountry "CAN"]

1. e4 e5 2. Nf3 Nc6 3. Bc4 Nf6 4. d3 h6 5. c3 d6 6. h3 g5 7. g4 Bg7 8. Nbd2 d5 9. Bb3 Be6 10. Qe2 Qd6 11. Bc2 O-O-O 12. Nf1 Ne7 13. Ne3 dxe4 14. dxe4 Ng6 15. Nf5 Bxf5 16. gxf5 Nf4 17. Bxf4 gxf4 18. Rg1 Ne8 19. Rd1 Qc5 20. Bb3 Rf8 21. Rxd8+ Kxd8 22. Qd3+ Ke7 1/2-1/2

[Event "Hart House Reading Week op"]
[Site "Toronto CAN"]
[Date "2026.02.16"]
[Round "5.9"]
[White "Qian, Eric"]
[Black "Zhang, Samuel"]
[Result "1-0"]
[WhiteElo "2047"]
[BlackElo "2140"]
[WhiteFideId "-1"]
[BlackFideId "-1"]
[PlyCount "79"]
[GameId "2278192549462016"]
[EventDate "2026.02.14"]
[EventType "swiss"]
[EventRounds "6"]
[EventCountry "CAN"]

1. d4 d5 2. c4 e6 3. Nc3 Nf6 4. Bg5 Be7 5. Nf3 h6 6. Bh4 O-O 7. e3 b6 8. Rc1 Bb7 9. Bxf6 Bxf6 10. cxd5 exd5 11. g3 Re8 12. Bg2 a5 13. O-O Na6 14. Qd2 Qd7 15. Rfd1 Rad8 16. Qc2 b5 17. Ne1 c6 18. Nd3 Nb4 19. Qb1 Nxd3 20. Qxd3 h5 21. h4 Qe7 22. Ne2 Rd6 23. Nf4 g6 24. Rc5 Bc8 25. Qc3 Qb7 26. Qxa5 Bg4 27. Rdc1 g5 28. hxg5 Bxg5 29. Qc3 Bxf4 30. gxf4 Ree6 31. f3 Bf5 32. e4 b4 33. Qd2 Bh7 34. f5 Re8 35. e5 Rdd8 36. Qg5+ Kh8 37. Qf6+ Kg8 38. Rxc6 Rc8 39. Qg5+ Kh8 40. f6 1-0

[Event "Hart House Reading Week op"]
[Site "Toronto CAN"]
[Date "2026.02.16"]
[Round "5.10"]
[White "Abrahams, Daniel"]
[Black "Deepak, Laksshana"]
[Result "1/2-1/2"]
[WhiteElo "2098"]
[BlackElo "2011"]
[WhiteFideId "-1"]
[BlackFideId "-1"]
[PlyCount "59"]
[GameId "2278192549466112"]
[EventDate "2026.02.14"]
[EventType "swiss"]
[EventRounds "6"]
[EventCountry "CAN"]

1. d4 Nf6 2. c4 e6 3. Nc3 Bb4 4. Qc2 O-O 5. a3 Bxc3+ 6. Qxc3 d5 7. Nf3 dxc4 8. Qxc4 b6 9. Bg5 Ba6 10. Qc2 Nbd7 11. e4 Qc8 12. Bd3 h6 13. Bh4 Qb7 14. Bxa6 Qxa6 15. O-O-O Qb7 16. Rhe1 Rfe8 17. Kb1 c5 18. Bxf6 Nxf6 19. Ne5 Rac8 20. Qe2 Red8 21. dxc5 Rxd1+ 22. Rxd1 Rxc5 23. Nd3 Rc4 24. f3 Qc7 25. g4 Rd4 26. Rc1 Rc4 27. Rg1 Rd4 28. Rc1 Rc4 29. Rg1 Rd4 30. Rc1 1/2-1/2